000 00450nam a22001937a 4500
003 bpm
005 20260415101119.0
008 260415b |||||||| |||| 00| p spa d
024 _aS. C. C. / M. C. y E. M.:
040 _aAR-CtUCP
041 _aspa
080 _aCDU
100 _aC.E.S.P.A
245 _aInterCambios poéticos
260 _aCorrientes
_bC.E.S.P.A
_c2018
650 _aLiteratura - Poesía
942 _cLIB
999 _c76646
_d76646